| 000 | 00780nam a2200241Ia 4500 | ||
|---|---|---|---|
| 003 | OSt | ||
| 005 | 20220923223855.0 | ||
| 006 | a|||||r|||| 00| 0 | ||
| 007 | ta | ||
| 008 | 220922b |||||||| |||| 00| 0 hin d | ||
| 024 | _a222,647 | ||
| 037 | _cTextual | ||
| 040 |
_aARTS _cARTS _bhin |
||
| 041 |
_2hin _ahin |
||
| 082 | _aO152,3x, P4 | ||
| 100 | _aजैनेन्द्र कुमार, संपा. | ||
| 245 | 0 | _aहिन्दी कहानियॉं | |
| 246 | _aHindī kahāniyaॉan | ||
| 260 |
_aइलाहाबाद _b लोकभारती प्रकाशन _c2004 |
||
| 300 |
_a164पृ. _ccm. |
||
| 942 |
_hO152,3x, P4 _cTEXL _2CC |
||
| 999 |
_c367920 _d367920 |
||